| 000 | 00000nam##2200000za#4500 |
| 001 | 9.623733 |
| 003 | CaOODSP |
| 005 | 20200327175038 |
| 007 | ta |
| 008 | 150406|1995||||xxc||||| f|0| 0 fre|d |
| 020 | |a0-662-80852-5 |
| 040 | |aCaOODSP|bfre |
| 043 | |an-cn--- |
| 086 | 1 |aLU2-153/206-1995F |
| 110 | 1 |aCanada.|bDéveloppement des ressources humaines Canada. |bAssurance-chômage. |
| 245 | 10|aL'effet d'apprentissage et l'assurance-chômage|cpar Thomas Lemieux et W. Bentley MacLeod. |
| 260 | |aOttawa - Ontario : |bDéveloppement des ressources humaines Canada. |c1995. |
| 300 | |a63p. : |bfigure, graphiques, tableaux ; |c30 cm. |
| 490 | 1 |aSérie d'évaluations de l'assurance-chômage |
| 500 | |a«Cette étude analyse l'évolution, de 1972 à 1992, de la propension des hommes au Canada à toucher des prestations d'assurance-chômage.»--Résumé. |
| 504 | |aBibliographie. |
| 520 | 3 |aCette étude analyse l'évolution, de 1972 à 1992, de la propension des hommes au Canada à toucher des prestations d'assurance-chômage.--Résumé |
| 563 | |aCouverture souple |
| 590 | |a96-06|b1996-02-09 |
| 691 | 07|aAssurance-emploi|2gcpds |
| 720 | 1 |aLemieux, Thomas |
| 720 | 1 |aMacLeod, W. Bentley |
| 776 | 0#|tL'effet d'apprentissage et l'assurance-chômage / |w(CaOODSP)9.606559 |
| 830 | #0|aSérie d'évaluations de l'assurance-chômage.|w(CaOODSP)9.513113 |
| 986 | |aIN-AH-206F-05-95 |